000 006120000a22001810004500
001 44
020 _a84-239-6398-5
041 0 _aSPA
082 0 4 _aR 109 R9611h
100 1 _aRussell, Bertrand
245 1 0 _aHistoria de la filosofía occidental / Bertrand Russell; Julio Gómez de la Serna y Antonio Dorta, Traductores.
250 _a3 edición revisada de la edición inglesa de 1961
260 _aMadrid, España : Espasa-Calpe
300 _a412 Pag.
505 0 0 _aVol. 1 : La filosofía antigua y la filosofía católica. Vol. 2 : La filosofía moderna.
650 1 4 _aFILOSOFIA - HISTORIA
942 _cBK
999 _c31600
_d31600